000 00758nam a22002177a 4500
005 20100810155749.0
010 _aENG-99436
020 _a9788190933315
_c50.00
035 _aEN-82968
037 _bDBAD/PUB
082 _a796.0287
100 _aUma, V.
_910389
245 _aMeasurement and evaluation /
_cby V. Uma
260 _aThanjavur
_bNathi Publications
_c2009
270 _a1271A, Sulthanjiappa Lane, South Rampart,
_bThanjavur
_e613001
300 _a112p.
_c21cm (pbk)
500 _aIncludes index
650 _aPhysical fitness- testing
_910390
942 _2ddc
_cEN
_h796.0287
_mUMA
999 _c40769
_d40769